Rent reviews under the Agricultural Holdings Act 1986 (Record no. 100847)

MARC details
000 -LEADER
fixed length control field 01335cam a2200277 4500
008 - FIXED-LENGTH DATA ELEMENTS--GENERAL INFORMATION
fixed length control field 000000n2000 000 0 eng u
020 ## - INTERNATIONAL STANDARD BOOK NUMBER
International Standard Book Number 1901434168
035 ## - SYSTEM CONTROL NUMBER
System control number (Sirsi) u108718
041 0# - LANGUAGE CODE
Language code of text/sound track or separate title eng
050 04 - LIBRARY OF CONGRESS CALL NUMBER
Classification number 630.026 $2 18
110 2# - MAIN ENTRY--CORPORATE NAME
Corporate name or jurisdiction name as entry element Central Association of Agricultural Valuers
245 00 - TITLE STATEMENT
Title Rent reviews under the Agricultural Holdings Act 1986
260 ## - PUBLICATION, DISTRIBUTION, ETC.
Place of publication, distribution, etc. Coleford, Glos
Name of publisher, distributor, etc. CAAV
Place of publication, distribution, etc. London
Name of publisher, distributor, etc. RICS
Date of publication, distribution, etc. 2000
300 ## - PHYSICAL DESCRIPTION
Extent 68p.
Dimensions 30cm.
350 ## - PRICE (NR) (BK AM CF MU VM SE) [OBSOLETE]
Price 15
490 #0 - SERIES STATEMENT
Series statement CAAV Publication
Volume/sequential designation (178)
490 #0 - SERIES STATEMENT
Series statement RICS Information Paper
520 ## - SUMMARY, ETC.
Summary, etc. Covers approaches to valuations and offers practical guidance as to the law, alerting surveyors to factors that they should consider in preparing a rent review. It illustrates the processes that may be undertaken and suggests ways of approaching particular difficulties. It's commentary is not intended to be mandatory guidance.
520 ## - SUMMARY, ETC.
Summary, etc. Under review 1 October 2006. Supersedes "Valuation under the Agricultural Holdings Act 1986" (ISBN 0854067620).
650 24 - SUBJECT ADDED ENTRY--TOPICAL TERM
Topical term or geographic name entry element CALDERBANK OFFERS
651 #4 - SUBJECT ADDED ENTRY--GEOGRAPHIC NAME
Geographic name England and Wales
Chronological subdivision 1543-
690 ## - LOCAL SUBJECT ADDED ENTRY--TOPICAL TERM (OCLC, RLIN)
Topical term or geographic name as entry element PROPERTY-LEASEHOLD PROPERTY-LANDLORD AND TENANT-TENANCIES-AGRICULTURAL TENANCIES-AGRICULTURAL TENANCY RENT REVIEW
710 2# - ADDED ENTRY--CORPORATE NAME
Corporate name or jurisdiction name as entry element Royal Institution of Chartered Surveyors
Subordinate unit Rural Practice Division
9 (RLIN) 2625
942 ## - ADDED ENTRY ELEMENTS (KOHA)
Suppress in OPAC 0
Holdings
Withdrawn status Lost status Damaged status Not for loan Home library Current library Shelving location Date acquired Total Checkouts Full call number Barcode Date last seen Date last checked out Copy number Price effective from Koha item type Source of classification or shelving scheme
  Missing     London London Missing 06/11/2000 5 F630.026 CEN 30062011 06/08/2019 15/08/2006 2 06/08/2019 Book  
        London London RICS Boxes 10/10/2000 4 RICS 2000/89 30062163 06/08/2019 11/10/2006 1 06/08/2019 Archive Dewey Decimal Classification